Dnes je čas činov

Bibliographic Details
Main Author: Lőrincz, Július, 1910-1980 (Author)
Format: Article
Language:Slovak
Subjects:

MARC

LEADER 00000nab a2200000 a 4500
001 vtls000327977
003 SK-MaSNL
005 20260303202234.0
008 111201c1988 xo 0 slo
015 |a SNBRB19rr/mm-uuuuu 
035 |a CL0328099 
040 |a SNKBUCL  |b slo  |c SNKBUCL  |e AACR2 
041 0 |a slo 
044 |a xo  |c SK 
080 |a 329.15(47)  |2 1981 
100 1 |a Lőrincz, Július,  |d 1910-1980  |4 aut  |9 48954 
245 1 0 |a Dnes je čas činov  |c Július Lőrincz ; Michail Gorbačov 
650 0 7 |a KSSZ  |2 snkbucl  |9 921638 
655 7 |a články z novín a časopisov  |2 snkbucl  |9 267496 
773 0 |t Pravda  |g Roč. 69, č. 180 (2. 8. 1988), s. 7 
850 |a Slovenská národná knižnica v Martine  |a MTA001 
852 |a SNK  |b KIS3GCP 
958 |a RK 
958 |a SU 
992 |a RBX 
999 |c 2178486  |d 2180416